[Event "Malyszko mem corr"]
[Site "Poland"]
[Date "1991.??.??"]
[Round "?"]
[White "Adamowski, Andrzej"]
[Black "Zamarski, Ryszard"]
[Result "1-0"]
[WhiteElo "2000"]
[BlackElo "2000"]
[PlyCount "25"]
[EventDate "1991.??.??"]
[EventType "tourn (corr)"]
[EventRounds "6"]
[EventCountry "POL"]
[SourceTitle "Corr 2006"]
[Source "ChessBase"]
[SourceDate "2006.04.01"]
[SourceVersion "3"]
[SourceVersionDate "2006.04.01"]
[SourceQuality "1"]

1. b4 e5 2. Bb2 Bxb4 3. Bxe5 Nf6 4. Bc3 Bc5 5. d4 Bb6 6. e3 0-0 7. Nf3 d5 8. Be2 Nc6 9. 0-0 Bf5 10. Nbd2 h6 11. h3 a6 12. Nb3 Ne4 13. Bb2 1-0

[Event "Malyszko mem corr"]
[Site "Poland"]
[Date "1991.??.??"]
[Round "?"]
[White "Zamarski, Ryszard"]
[Black "Ewert, Jerzy"]
[Result "0-1"]
[WhiteElo "2000"]
[BlackElo "2000"]
[PlyCount "32"]
[EventDate "1991.??.??"]
[EventType "tourn (corr)"]
[EventRounds "6"]
[EventCountry "POL"]
[SourceTitle "Corr 2006"]
[Source "ChessBase"]
[SourceDate "2006.04.01"]
[SourceVersion "3"]
[SourceVersionDate "2006.04.01"]
[SourceQuality "1"]

1. b4 e5 2. Bb2 e4 3. e3 Nf6 4. b5 Bb4 5. c4 0-0 6. Ne2 d5 7. Nf4 c6 8. cxd5 Nxd5 9. Nxd5 Qxd5 10. bxc6 Nxc6 11. Nc3 Bxc3 12. Bxc3 Ne5 13. Be2 Nd3+ 14. Bxd3 Qxd3 15. f3 Be6 16. fxe4 f5 0-1

[Event "Malyszko mem corr"]
[Site "Poland"]
[Date "1991.??.??"]
[Round "?"]
[White "Zamarski, Ryszard"]
[Black "Szczepaniak, Andrzej"]
[Result "0-1"]
[WhiteElo "2000"]
[BlackElo "1975"]
[PlyCount "34"]
[EventDate "1991.??.??"]
[EventType "tourn (corr)"]
[EventRounds "6"]
[EventCountry "POL"]
[SourceTitle "Corr 2006"]
[Source "ChessBase"]
[SourceDate "2006.04.01"]
[SourceVersion "3"]
[SourceVersionDate "2006.04.01"]
[SourceQuality "1"]

1. b4 d5 2. Bb2 Nf6 3. e3 Bf5 4. Nf3 e6 5. c4 c6 6. c5 Nbd7 7. Be2 Be7 8. 0-0 0-0 9. h3 h6 10. d3 a5 11. a3 axb4 12. axb4 Rxa1 13. Bxa1 Qc7 14. Qb3 b6 15. d4 Rb8 16. cxb6 Qxb6 17. b5 cxb5 0-1